000
00326 a2200145 4500
020
_a
978-7-119-14336-1
040
_a
ISPLB
082
_b
32
100
_9
1011
_a
XI,Jinping
245
_a
The Governance of China
260
_a
China ,
_b
Foreign Language Press
_c
2025.
300
_a
635p
650
_a
Politica
942
_c
Livros
999
_c
2187
_d
2187